IDENTITY,RACE AND POWER (Record no. 2539)

000 -LEADER
fixed length control field 00474nam a22001817a 4500
003 - CONTROL NUMBER IDENTIFIER
control field OSt
005 - DATE AND TIME OF LATEST TRANSACTION
control field 20210713091907.0
008 - FIXED-LENGTH DATA ELEMENTS--GENERAL INFORMATION
fixed length control field 210713b ||||| |||| 00| 0 eng d
020 ## - INTERNATIONAL STANDARD BOOK NUMBER
International Standard Book Number 9781269449106
040 ## - CATALOGING SOURCE
Transcribing agency ALUPE UN
050 ## - LIBRARY OF CONGRESS CALL NUMBER
Classification number GN25
Item number .I33 2013
245 ## - TITLE STATEMENT
Title IDENTITY,RACE AND POWER
Remainder of title Anthropology 1AM3
250 ## - EDITION STATEMENT
Edition statement second custom edition for MCMASTER UNIVERSITY
260 ## - PUBLICATION, DISTRIBUTION, ETC.
Place of publication, distribution, etc. Canada
Name of publisher, distributor, etc. pearson
Date of publication, distribution, etc. 2013
300 ## - PHYSICAL DESCRIPTION
Extent 314p
650 ## - SUBJECT ADDED ENTRY--TOPICAL TERM
Source of heading or term Anthropolgy
942 ## - ADDED ENTRY ELEMENTS (KOHA)
Source of classification or shelving scheme
Koha item type Book
Suppress in OPAC DO
Holdings
Withdrawn status Lost status Source of classification or shelving scheme Damaged status Not for loan Permanent Location Current Location Shelving location Date acquired Total Checkouts Full call number Barcode Date last seen Price effective from Koha item type Public note
          AU LIBRARY AU LIBRARY Open Shelf 13.07.2021   GN25 .I33 2013 28000959 13.07.2021 13.07.2021 Book DO

Powered by Koha